Pokémon - Les attaques de Mégapagos - Statistiques

Statistiques générales
  • Ce quiz a été pris 14 fois
  • Le résultat moyen est 15 sur 17
Statistiques - réponses
Niveaux Types Noms des attaques % Correct
Niveau 46 Eau Hydrocanon
100%
Départ Eau Pistolet à O
100%
Niveau 12 Roche Pouvoir Antique
100%
Niveau 9 Roche Anti-Air
89%
Départ Eau Aqua-Jet
89%
Niveau 41 Eau Danse Pluie
89%
Niveau 24 Roche Éboulement
89%
Niveau 51 Normal Exuviation
89%
Niveau 36 Eau Hydro-Queue
89%
Niveau 27 Ténèbres Mâchouille
89%
Niveau 30 Spectre Malédiction
89%
Niveau 15 Ténèbres Morsure
89%
Niveau 33 Acier Mur de Fer
89%
Départ Eau Repli
89%
Niveau 21 Eau Saumure
89%
Niveau 18 Roche Garde Large
78%
Départ Normal Abri
33%
Aucun quiz correspondant
Distribution des résultats
% des personnes avec chaque résultat
Percentile par nombre de réponses
Votre historique - résultats
Vous n’avez pas pris ce quiz